000
00294nam a22001217a 4500
040
_c
HS
082
_a
333
100
_a
W.E RICKER
245
_a
Computation and interpretation of biological statistics of fish populations
260
_a
Canada
_b
W.E RICKER
_c
1975
300
_a
382p.
942
_c
EK
999
_c
8828
_d
8828